000 00749nam a22002297a 4500
003 SEM
999 _c72235
_d72235
005 20220608074950.0
008 220208s1980 uk ||||gr|||||00| 0 eng|d
020 _a0704404222
040 _aSEM
_cSEM
041 _aeng
080 _a809.245/H-44
245 _aHebrew Glossary for texts in J. H. Eaton's.
_b''First studies in biblical hebrew'' & ''Readings in biblical hebrew I & II'' /
_cComp.: M. Tunnicliffe
260 _aBirmingham :
_bThe University of Birmingham,
_bDepartment of theology,
_c1980.
300 _aV+119 p. ;
_c28 cm
490 _aUniversity semitic study aids
650 _aHebrew
653 _aՍԷՄ
700 _aTunnicliffe Michael
_ecomp.
830 _aUniversity semitic study aids
942 _2udc
_cBK